| 000 | 00661nam a2200241Ia 4500 | ||
|---|---|---|---|
| 003 | OSt | ||
| 005 | 20220925201939.0 | ||
| 006 | a|||||r|||| 00| 0 | ||
| 007 | ta | ||
| 008 | 220923b |||||||| |||| 00| 0 eng d | ||
| 037 | _cGeneral Book | ||
| 040 |
_aRTL _cRTL _beng |
||
| 041 |
_2eng _aeng |
||
| 082 | _aV2:3(Y:4582N), M8/TD | ||
| 100 |
_aRay Rabindra _923711 |
||
| 245 | 0 | _aNaxalites and their ideology | |
| 260 |
_aDelhi _bOxford India _c1988 |
||
| 300 |
_avii,251p. _ccm. |
||
| 500 | _aBib p. 231-46 | ||
| 650 | _aFunctions India | ||
| 942 |
_hV2:3(Y:4582N), M8/TD _cGB _2CC |
||
| 999 |
_c541891 _d541891 |
||